00828nac a22002291u 4500010001600000035001800016082002100034090001500055100003400070245009500104260003800199300004000237500001500277500003500292504003100327650002600358650002600384650002700410942002300437999001500460952012300475 a 65023415 a(OCoLC)489736 a615.89096bG2815 c2971d2971 aGelfand, Michael. 10aWitch doctor,btraditional medicine man of Rhodesia.cWith a foreword by Sir Roy Welensky. aNew York,bPraegerc[1965, c1964] a191 p.billus., group port.c22 cm. aDonations. aDonations - Dr. Mostafa Gouda. aBibliographical footnotes. 0aTraditional medicine. 0aWitchcraftzRhodesia. 0aShona (African people) cBBk615.89096G2815 c2971d2971 00104070aMAINbMAINc1STd2014-03-07ePurchasel1m6o615.89096 GELp000001238r2025-07-15 00:00:00s2014-09-15yBB